Rebooting India

Na minha lista:
Detalhes bibliográficos
Autor principal: Nandan Nilekani
Formato: Livro
Publicado em: Penguin
Assuntos:
Tags: Adicionar Tag
Sem tags, seja o primeiro a adicionar uma tag!

MARC

LEADER 00000nam a2200000Ia 4500
005 20260427112724.0
526 |b Economics 
100 |a Nandan Nilekani 
020 |a 9780143427636 
650 |a Indian Economy 
526 |a Bachelors 
942 |c BK 
245 |a Rebooting India 
260 |b Penguin 
999 |c 114  |d 114 
952 |0 0  |1 0  |4 0  |7 0  |8 1  |a BRISTOL  |b BRISTOL  |d 2026-04-22  |l 0  |p 000017  |r 2026-04-27 11:27:24  |w 2026-04-27  |y BK